Organizaciones en acciòn
Guardat en:
| Autor principal: | |
|---|---|
| Format: | Llibre |
| Idioma: | espanyol |
| Publicat: |
Bogotá
McGraw-Hill
1994
|
| Matèries: | |
| Etiquetes: |
Afegir etiqueta
Sense etiquetes, Sigues el primer a etiquetar aquest registre!
|
MARC
| LEADER | 00000nam a2200000 a 4500 | ||
|---|---|---|---|
| 001 | UCY7468 | ||
| 003 | CL-VaPUC | ||
| 008 | 950614e19940000CK |||||||||||||||||spa|d | ||
| 082 | 0 | 4 | |a 658 |b THO |2 21 |
| 100 | 0 | |a Thompson, James D |e author |9 337992 | |
| 245 | 1 | 0 | |a Organizaciones en acciòn |
| 300 | |a 204 p | ||
| 942 | |c BK | ||
| 945 | |d 19950614 00:00:00 |a rbrito | ||
| 260 | |a Bogotá |b McGraw-Hill |c 1994 | ||
| 650 | 0 | |a Organizaciones |9 337993 | |
| 650 | 0 | |a Ciencias administrativas |9 337994 | |
| 650 | 0 | |a Administración |9 259325 | |
| 650 | 0 | |a Empresas |9 255569 | |
| 583 | |a last modification |c 19950614 00:00:00 |k Rodrigo Vera | ||
| 999 | |c 234842 |d 234840 | ||
| 952 | |0 0 |1 0 |4 0 |6 658_000000000000000_THO_1994 |7 0 |8 A |9 241590 |a BIBEDU |b BIBEDU |d 2019-11-18 |i 3091031 |o 658 THO 1994 |p 3091031 |r 2019-11-18 |w 2019-11-18 |y BK |k LIT | ||